|
|
|
|
| LEADER |
01208nam a2200241 i 4500 |
| 001 |
10109625 |
| 003 |
GR-PaULI |
| 005 |
20230324104241.0 |
| 008 |
130513t2018 gr a g 1 gre d |
| 952 |
|
|
|0 0
|1 0
|2 ddc
|4 0
|6 004_160000000000000_ΠΑΠ
|7 0
|9 233614
|a LISP
|b LISP
|c BSC
|d 2019-07-05
|i 141232
|l 0
|o 004.16 ΠΑΠ
|p 025000264007
|r 2019-07-05 00:00:00
|t 1
|v 2019.00
|w 2019-07-05
|y BK15
|
| 952 |
|
|
|0 0
|1 0
|2 ddc
|4 0
|6 004_160000000000000_ΠΑΠ
|7 0
|9 233615
|a LISP
|b LISP
|c BSC
|d 2019-07-05
|i 141233
|l 3
|o 004.16 ΠΑΠ
|p 025000264006
|r 2020-06-25 00:00:00
|s 2020-06-18
|t 2
|v 2019.00
|w 2019-07-05
|y BK15
|
| 999 |
|
|
|c 141760
|d 141760
|
| 020 |
|
|
|a 9789604185085
|
| 040 |
|
|
|a GR-PaULI
|b gre
|c GR-PaULI
|e AACR2
|
| 082 |
0 |
4 |
|a 004.16
|2 23
|
| 100 |
1 |
|
|a Παπάζογλου, Παναγιώτης Μ.
|e συγγραφέας.
|9 176892
|
| 245 |
1 |
0 |
|a Μικροεπεξεργαστές :
|b αρχές και εφαρμογές /
|c Παναγιώτης Παπάζογλου.
|
| 260 |
|
|
|a Θεσσαλονίκη :
|b Τζιόλας,
|c c2018.
|
| 300 |
|
|
|a 823 σ. :
|b εικ. ;
|c 24 εκ.
|
| 500 |
|
|
|a Περιλαμβάνει ευρετήριο.
|
| 650 |
|
4 |
|a Μικροεπεξεργαστές
|9 1981
|
| 942 |
|
|
|2 ddc
|c BK15
|
| 998 |
|
|
|c ΛΟΤΣΑΡΗ
|d 2019-07
|